000 00501nam a22001577a 4500
999 _c41012
_d41012
003 OSt
005 20210225120035.0
008 210225b ||||| |||| 00| 0 eng d
020 _a9789332570276
040 _coclc
082 _a515.43
_bMIS/F
100 _98476
_aMishra, Sanjay
245 _aFundamentals of Mathematics For JEE Main and Advanced :
_bIntegral Calculus /
_cSanjay Mishra
260 _aDelhi:
_bPearson,
_c2017.
942 _2ddc
_cBK
_h515.43
_iMIS/F
_k515.43
_mMIS/F